Field Marshal Cariappa: (Record no. 222293)
[ view plain ]
| 000 -LEADER | |
|---|---|
| fixed length control field | 01141nam a22002657a 4500 |
| 005 - DATE AND TIME OF LATEST TRANSACTION | |
| control field | 20220409094738.0 |
| 008 - FIXED-LENGTH DATA ELEMENTS--GENERAL INFORMATION | |
| fixed length control field | 220408b ||||| |||| 00| 0 eng d |
| 020 ## - INTERNATIONAL STANDARD BOOK NUMBER | |
| International Standard Book Number | 8171679447 |
| 040 ## - CATALOGING SOURCE | |
| Transcribing agency | Aloy |
| 041 ## - LANGUAGE CODE | |
| Language code of text/sound track or separate title | eng |
| 082 ## - DEWEY DECIMAL CLASSIFICATION NUMBER | |
| Edition number | 23 |
| Classification number | 929 |
| Item number | WEIF |
| 100 ## - MAIN ENTRY--PERSONAL NAME | |
| Personal name | Edel Weis |
| 100 ## - MAIN ENTRY--PERSONAL NAME | |
| 9 (RLIN) | 28824 |
| 245 ## - TITLE STATEMENT | |
| Title | Field Marshal Cariappa: |
| Remainder of title | The man who touched the sky |
| 260 ## - PUBLICATION, DISTRIBUTION, ETC. | |
| Place of publication, distribution, etc. | New Delhu |
| Name of publisher, distributor, etc. | Rupa & Co |
| Date of publication, distribution, etc. | 2002 |
| 300 ## - PHYSICAL DESCRIPTION | |
| Extent | 56 p. |
| Other physical details | HB |
| Dimensions | 16x13 cm. |
| 365 ## - TRADE PRICE | |
| Source of price type code | Military Science |
| Price amount | 95.00 |
| Currency code | ₹ |
| Unit of pricing | 95.00 |
| 440 ## - SERIES STATEMENT/ADDED ENTRY--TITLE | |
| Title | Charitavali Series |
| 9 (RLIN) | 28621 |
| 520 ## - SUMMARY, ETC. | |
| Summary, etc. | He became a legend in the Indian Army, who is still revered by the jawans, Brilliant General, brave fighter, Field Marshal Cariappa was first of all, a soldier of the people. Cariappa would become the first Indian Commander-in-Chief of the Army of Independent India. A courageous, outspoken and humane man till the end, he remained the champion of jawans and ex-servicemen. This book chronicles his life and career. |
| 650 ## - SUBJECT ADDED ENTRY--TOPICAL TERM | |
| Topical term or geographic name entry element | Making of a Warrior |
| 9 (RLIN) | 28608 |
| 650 ## - SUBJECT ADDED ENTRY--TOPICAL TERM | |
| Topical term or geographic name entry element | Important Landmarks |
| 9 (RLIN) | 28609 |
| 650 ## - SUBJECT ADDED ENTRY--TOPICAL TERM | |
| Source of heading or term | Generals |
| 650 ## - SUBJECT ADDED ENTRY--TOPICAL TERM | |
| Source of heading or term | Biography |
| 700 ## - ADDED ENTRY--PERSONAL NAME | |
| Personal name | WEIS (Edel) |
| 9 (RLIN) | 28610 |
| 942 ## - ADDED ENTRY ELEMENTS (KOHA) | |
| Source of classification or shelving scheme | Dewey Decimal Classification |
| Koha item type | George Fernandes Collections |
| Withdrawn status | Lost status | Source of classification or shelving scheme | Damaged status | Not for loan | Collection code | Home library | Current library | Date acquired | Total Checkouts | Full call number | Barcode | Date last seen | Price effective from | Koha item type |
|---|---|---|---|---|---|---|---|---|---|---|---|---|---|---|
| Dewey Decimal Classification | Others | St Aloysius Library | St Aloysius Library | 03/24/2013 | 929 WEIF | GF02097 | 04/08/2022 | 04/08/2022 | George Fernandes Collections |